000 01073nam a22003017a 4500
003 CHAP
005 20220329135816.0
008 971013s1982 r 00010 d
010 _a42577
011 _a43549
035 _a47685
040 _cCHAP
082 _a628.3
_bM4
110 _aMéxico. Dirección General de Protección y Ordenación Ecológica
_977038
245 _aOperación de plantas de tratamiento primario de aguas residuales
260 _a(México, D.F.) :
_bLa Dirección,
_c(1982?)
300 _a3 v.
_b: ilus. ; gráfs
590 _aBATCH-UPD
_b10
_c20130110
_lUCH01
_h2053
590 _aBATCH-UPD
_b10
_c20130410
_lUCH01
_h1406
590 _aCONVERSION
_b10
_c20130109
_lUCH01
_h1323
650 1 4 _aAgua
_xPurificacion.
_92397
650 1 4 _aAguas residuales.
_92583
901 _aBK
942 _cLIBRO
949 _a628.3 M4
_bBC
_cLIBRO
_d33724000025334
_eLIBRO
_fv.3
_h59706
_i47685
_mD
_si
949 _a628.3 M4
_bBC
_cLIBRO
_d33724000025342
_eLIBRO
_fv.1
_h59704
_i47685
_mD
_si
949 _a628.3 M4
_bBC
_cLIBRO
_d33724000746509
_eLIBRO
_fv.2
_h59705
_i47685
_mD
_si
999 _c42577
_d42577